Organizácia Spojených národov v arabskom svete

Spoločné znaky arabských krajín, ktoré spôsobili, že práve Organizácia Spojených národov je v súčasnosti jedným z najvýznamnejších partnerov arabských krajín pri budovaní nových politických systémov po udalostiach tzv. "arabskej jari". Príspevok analyzuje postavenie a činnosť Organizácie Spojených n...

Descrizione completa

Salvato in:
Dettagli Bibliografici
Autore principale: Satková, Monika
Natura: Capitolo di libro
Lingua:slovacco
Soggetti:
Tags: Aggiungi Tag
Nessun Tag, puoi essere il primo ad aggiungerne!!

MARC

LEADER 00000nla a2200000 4500
001 0175682
005 20240527091230.3
041 0 |a slo 
044 |a SK 
245 1 0 |a Organizácia Spojených národov v arabskom svete  |c Monika Satková 
500 |a I-13-114-00 
520 |a Spoločné znaky arabských krajín, ktoré spôsobili, že práve Organizácia Spojených národov je v súčasnosti jedným z najvýznamnejších partnerov arabských krajín pri budovaní nových politických systémov po udalostiach tzv. "arabskej jari". Príspevok analyzuje postavenie a činnosť Organizácie Spojených národov v súvislosti s konaním volieb v krajinách, v ktorých následkom povstaní "arabskej jari" došlo k pádu dovtedajších autoritatívnych režimov. Zmeny režimov a následné voľby prebehli v troch krajinách arabského sveta, a to v Tunisku, Egypte a Líbyi. 
610 2 0 |a Organizácia spojených národov 
610 2 0 |a Líbya 
610 2 0 |a Tunisko 
610 2 0 |a Egypt 
610 2 0 |a voľby 
100 1 |a Satková, Monika